| 000 | 00745nam a2200217 a 4500 | ||
|---|---|---|---|
| 001 | 49027 | ||
| 003 | BD-RjUL | ||
| 005 | 20211209054626.0 | ||
| 008 | 160817s1966 bg ||||| |||| 00| 0 ben d | ||
| 035 | _a(BD-RjUL)49146 | ||
| 040 |
_aBD-RjUL _bben _cBD-RjUL |
||
| 041 | _aben | ||
| 082 |
_223 _a891.44108 _bAHS 1966 |
||
| 100 | 1 | 0 |
_aআহসান, সৈয়দ আলী _9147547 |
| 245 | 1 | 0 |
_aসাহসা সচকিত / _cসৈয়দ আলী আহসান |
| 260 |
_aচট্টগ্রাম : _bবইঘর, _c১৯৬৬ |
||
| 300 |
_a৫৫পৃ. ; _c১৮ সেমি. |
||
| 650 |
_aবাংলা কবিতা _xসংগ্রহ _9126131 |
||
| 650 |
_aBengali poetry _xCollection _9126132 |
||
| 942 |
_2ddc _cBK |
||
| 999 |
_c49027 _d49027 |
||